La culture des idées (Record no. 154695)

MARC details
000 -LEADER
campo de control de longitud fija 00798nam a22001815i 4500
001 - NÚMERO DE CONTROL
campo de control 154695
003 - IDENTIFICADOR DE NÚMERO DE CONTROL
campo de control ES-MaACL
005 - FECHA Y HORA DE LA ÚLTIMA TRANSACCIÓN
campo de control 20230906205824.0
008 - DATOS DE LONGITUD FIJA--INFORMACIÓN GENERAL
campo de control de longitud fija 040708s1900 fr |||| | fre d
040 ## - FUENTE DE CATALOGACIÓN
Centro catalogador/agencia de origen CAM
Lengua de catalogación spa
Centro/agencia transcriptor CAM
100 1# - ENTRADA PRINCIPAL--NOMBRE DE PERSONA
Nombre de persona Gourmont, Rémy de (
Fechas asociadas al nombre 1858-1916)
9 (RLIN) 59362
245 13 - MENCIÓN DEL TÍTULO
Título La culture des idées
Resto del título : du style ou de l'écriture, la création subconsciente, la dissociation des idées, Stéphane Mallarmé et l'idée de décadence, le paganisme éternel, la morale de l'amour, ironies et parodoxes /
Mención de responsabilidad, etc. Remy de Gourmont.
250 ## - MENCION DE EDICION
Mención de edición 3e éd.
260 ## - PUBLICACIÓN, DISTRIBUCIÓN, ETC.
Lugar de publicación, distribución, etc. Paris :
Nombre del editor, distribuidor, etc. Société du Mercure de France,
Fecha de publicación, distribución, etc. 1900 (
Lugar de fabricación/manufactura Poitiers :
Fabricante Blais et Roy)
300 ## - DESCRIPCIÓN FÍSICA
Extensión 318 p. ;
Dimensiones 18 cm.
650 #4 - PUNTO DE ACCESO ADICIONAL DE MATERIA--TÉRMINO DE MATERIA
Término de materia o nombre geográfico como elemento de entrada Preceptiva literaria.
9 (RLIN) 150091
852 ## - LOCALIZACIÓN
Ubicación ES-MaACL
Número de control de estantería D-3747
Nota libre -- Enc. hol. conservando la original
Holdings
Estatus retirado Estado de pérdida Estado de daño No para préstamo Colección Biblioteca de origen Biblioteca actual Ubicación en estantería Fecha de adquisición Fuente de adquisición Total de préstamos Signatura topográfica completa Código de barras Visto por última vez Precio de reemplazo Tipo de ítem Koha
        Libros del s. XIX Biblioteca del Ateneo de Madrid Biblioteca del Ateneo de Madrid Sala Valle Inclán 17/01/2008     D-3747 901161800 23/02/2023 23/02/2023 Libro impreso antiguo